Quiz Cultura Generale - Quiz n°23 - Statistics

Statistiche generali
  • Questo quiz è stato fatto 211 volte
  • Il punteggio medio è 7 su 15
Statistiche sulle risposte
Domanda Risposta % Corretto
Quanti giocatori ci sono in una squadra di Basket? 5
91%
Che tipo di carne è quella di tacchino? Carne bianca
90%
Qual è la regione italiana con più chilometri di coste? Sardegna
83%
Quanti punti vale il re a briscola? 3
79%
Chi ha scritto l'opera lirica dell'"Aida"? Giuseppe Verdi
61%
In quale regione si trova il Parco nazionale dell'Aspromonte? Calabria
59%
Nell'Orlando furioso, dove si trova il senno del protagonista? Sulla luna
45%
Quale città italiana fu saccheggiata nel 1527 dalle truppe di Carlo V d'Asburgo? Roma
43%
Chi ha scritto "Il mercante di Venezia"? William Shakespeare
43%
Se Giulia ha 3 anni più di Carlo, e la somma delle loro età è 25. Quanti ha Giulia? 14 anni
37%
Su quale isola sarda è morto Giuseppe Garibaldi? Isola di Caprera
22%
La statua di quale famoso imperatore romano si trova nella piazza del Campidogio? Marco Aurelio
22%
Qual è l'ormone antagonista dell'insulina? Glucagone
20%
Come si traduce il verbo tedesco "Seher"? Vedere
19%
Come si chiama il punto di'incontro degli assi di simmetria di una figura geometrica piana? Circocentro
9%
Nessun quiz corrispondente trovato
Distribuzione punteggi
Percentuale di utenti per punteggio
Percentile per numero di risposta
I tuoi punteggi nel tempo
Non hai fatto questo quiz